ÁNALISIS DE LA INCORPORACIÓN DE FIBRA DE VIDRIO TRITURADO COMO SUSTITUTO PARCIAL DEL AGREGADO FINO EN EL CONCRETO, PARA USOS CONSTRUCTIVOS EN EL MUNICIPIO DDE COBÁN, ALTA VERAPAZ./ (Registro nro. 2049)
[ vista simple ]
| 000 -LEADER | |
|---|---|
| campo de control de longitud fija | 04235nam a22003377a 4500 |
| 001 - NÚMERO DE CONTROL | |
| campo de control | TIC 0035 |
| 003 - IDENTIFICADOR DE NÚMERO DE CONTROL | |
| campo de control | gtcocun |
| 005 - FECHA Y HORA DE LA ÚLTIMA TRANSACCIÓN | |
| campo de control | 20250922173626.0 |
| 006 - CÓDIGOS DE INFORMACIÓN DE LONGITUD FIJA--CARACTERÍSTICAS DEL MATERIAL ADICIONAL | |
| campo de control de longitud fija | a||||gr|||| 00| 0 |
| 007 - CAMPO FIJO DE DESCRIPCIÓN FÍSICA--INFORMACIÓN GENERAL | |
| campo de control de longitud fija | ta |
| 008 - DATOS DE LONGITUD FIJA--INFORMACIÓN GENERAL | |
| campo de control de longitud fija | 250922b2024 gt ||||| m||| 00| 0 eng d |
| 040 ## - FUENTE DE CATALOGACIÓN | |
| Centro catalogador/agencia de origen | gtcocun |
| Lengua de catalogación | SPA |
| Centro/agencia transcriptor | gtcocun |
| Normas de descripción | RDA |
| 041 ## - CÓDIGO DE IDIOMA | |
| Código de lengua del texto/banda sonora o título independiente | SPA TIC 0035 |
| 084 ## - OTRO NÚMERO DE CLASIFICACIÓN | |
| Número de control del registro de autoridad o número normalizado | TIC 0035 |
| 100 ## - ENTRADA PRINCIPAL--NOMBRE DE PERSONA | |
| Nombre de persona | Batz Choc, Mardoqueo |
| Término indicativo de función/relación | Autor |
| 245 ## - MENCIÓN DEL TÍTULO | |
| Título | ÁNALISIS DE LA INCORPORACIÓN DE FIBRA DE VIDRIO TRITURADO COMO SUSTITUTO PARCIAL DEL AGREGADO FINO EN EL CONCRETO, PARA USOS CONSTRUCTIVOS EN EL MUNICIPIO DDE COBÁN, ALTA VERAPAZ./ |
| Mención de responsabilidad, etc. | Mardoqueo Batz Choc. |
| Medio | Impreso |
| 264 ## - PRODUCCIÓN, PUBLICACIÓN, DISTRIBUCIÓN, FABRICACIÓN Y COPYRIGHT | |
| Producción, publicación, distribución, fabricación y copyright | Cobán, Alta Verapaz: |
| Nombre del de productor, editor, distribuidor, fabricante | Universidad de San Carlos de Guatemala, Centro Universitario del Norte, Ingeniería Civil. |
| Fecha de producción, publicación, distribución, fabricación o copyright | 2024 |
| 300 ## - DESCRIPCIÓN FÍSICA | |
| Extensión | 61 p.: |
| Otras características físicas | Ilustraciones, gráficas. |
| Dimensiones | 28 cm; |
| 300 ## - DESCRIPCIÓN FÍSICA | |
| Dimensiones | |
| 336 ## - TIPO DE CONTENIDO | |
| Fuente | rdacontenido |
| Término de tipo de contenido | Texto |
| Código de tipo de contenido | txt |
| 337 ## - TIPO DE MEDIO | |
| Fuente | rdamedio |
| Nombre/término del tipo de medio | Computadora |
| Código del tipo de medio | n |
| 338 ## - TIPO DE SOPORTE | |
| Fuente | rdasoporte |
| Nombre/término del tipo de soporte | Código en línea |
| Código del tipo de soporte | cr |
| 502 ## - NOTA DE TESIS | |
| identificador de la tesis | TIC 0035 |
| 502 ## - NOTA DE TESIS | |
| Nota de tesis | Tesis de grado |
| Tipo de título | Ingeniería Civil, |
| Nombre de la institución que otorga el título | Universidad de San Carlos de Guatemala, Centro Universitario del Norte, Ingeniería Civil |
| Año de obtención del título | 2024 |
| Identificador de la tesis | TIC 0035 |
| 520 14 - RESUMEN, ETC. | |
| Sumario, etc. | En respuesta a la necesidad de explorar materiales innovadores para el concreto, se ha llevado a cabo una investigación detallada en el municipio de Cobán, Alta Verapaz, Guatemala. El objetivo principal es evaluar el impacto de distintos porcentajes (25%, 50% y 75%) de fibras de vidrio triturado como sustituto del agregado fino en el concreto, para considerar su viabilidad técnica y ambiental.<br/><br/>En la fase de obtención de materiales, se ha destacado la importancia de seleccionar agregados gruesos y finos de alta calidad, se deben de seguir normativas específicas, así como la consideración del vidrio triturado como componente esencial, con la ventaja adicional de contribuir a la reducción de residuos y la sostenibilidad ambiental.<br/><br/>La metodología comprende la obtención de vidrio triturado a partir de desechos de botellas de diferentes tipos, la caracterización de sus propiedades, y la dosificación del concreto para una proporción de 1:2:3 (cemento, arena y piedrín), para lograr una resistencia de diseño de 3000 PSI, con pruebas detalladas de granulometría para los agregados, y destacar la adecuada elección y manipulación de los materiales. La caracterización del concreto fresco ha revelado condiciones óptimas de temperatura y trabajabilidad aceptable, con observaciones específicas sobre la influencia del vidrio en estas propiedades.<br/><br/>La investigación ha abordado un marco teórico sólido, que considera las propiedades del concreto y las normativas guatemaltecas, American Concrete Institute ACI y la American Society for Testing and Materials ASTM por sus siglas en inglés. La metodología adoptada incluyó la obtención de vidrio triturado a partir de desechos, su caracterización y la dosificación del concreto según la resistencia de diseño de 3000 PSI. La granulometría de los agregados fue analizada con rigurosidad bajo las normativas American Association of State Highway and Transportation Officials AASHTO por sus siglas en inglés y ASTM.<br/><br/>Los resultados de los ensayos a compresión han indicado un comportamiento interesante del concreto con fibras de vidrio. Aunque se logró resistencia a la compresión significativa, especialmente a mayores porcentajes de vidrio, estos valores han permanecido por debajo de la resistencia comparativa de 3000 PSI, esa característica limita su viabilidad técnica en aplicaciones estructurales convencionales.<br/><br/>Además, se ha enfatizado la relevancia de un cuidadoso tiempo de curado para asegurar la eficaz integración de las fibras de vidrio con la matriz de concreto, que destaca así la necesidad de ajustes en la proporción de mezcla para mantener características deseables. |
| 650 14 - PUNTO DE ACCESO ADICIONAL DE MATERIA--TÉRMINO DE MATERIA | |
| Fuente del encabezamiento o término | LEMB |
| Término de materia o nombre geográfico como elemento de entrada | Cobán, Alta Verapaz. |
| Subdivisión general | Ingeniería |
| -- | Concreto |
| -- | Agregados |
| -- | Dosificación |
| -- | Resistencia |
| -- | Vidrio |
| 700 ## - ENTRADA AGREGADA--NOMBRE PERSONAL | |
| Nombre de persona | Ing. Civil. Jorge Haroldo Dubón Xitumul |
| Término indicativo de función/relación | Asesor |
| 856 ## - LOCALIZACIÓN Y ACCESO ELECTRÓNICOS | |
| Identificador Uniforme de Recurso | <a href="https://drive.google.com/file/d/1ZAZICOfsk6OlfyJ1Qwex7z4D9WarkH3G/view">https://drive.google.com/file/d/1ZAZICOfsk6OlfyJ1Qwex7z4D9WarkH3G/view</a> |
| Texto de enlace | |
| Nota pública | Un ejemplar en línea. |
| 942 ## - ELEMENTOS DE ENTRADA SECUNDARIOS (KOHA) | |
| Fuente de la clasificación o esquema de estantería | Clasificación Decimal Dewey |
| Tipo de ítem Koha | TESIS |
| Parte de la signatura que identifica el ejemplar (Parte del ítem) | TIC 0035 |
| Prefijo de la signatura | Clasificación |
| Suprimir en OPAC | No |
| -- | TIC_0035_000000000000000 |
| Estatus retirado | Estado de pérdida | Fuente de la clasificación o esquema de estantería | Estado de daño | No para préstamo | Colección | Biblioteca de origen | Biblioteca actual | Ubicación en estantería | Fecha de adquisición | Número de inventario | Total de préstamos | Signatura topográfica completa | Código de barras | Visto por última vez | Precio de reemplazo | Tipo de ítem Koha |
|---|---|---|---|---|---|---|---|---|---|---|---|---|---|---|---|---|
| Clasificación Decimal Dewey | tesis | BIBLIOTECA- CUNOR -JOSÉ LUIS GONZALES ROSALES | BIBLIOTECA- CUNOR -JOSÉ LUIS GONZALES ROSALES | Colección tesis | 16/09/2025 | TIC 0035 | TIC 0035 | TIC 0035 | 16/09/2025 | 16/09/2025 | TESIS |